000 00348nam a22001457a 4500
003 SGT
020 _a81627092-2
082 _a615
_bGAR
100 _aGARIKAPATI, DR. DEVALA RAO
245 _aA TEXTBOOK OF PHARMACEUTICAL ANALYSIS
260 _aINDIA
_bBIRLA PUB.
_c2026
300 _a151
650 _aPHARMACEUTICAL ANALYSIS
942 _2ddc
_cBK
999 _c32902
_d32902